NFL Pro Bowl Quarterbacks 1970s - Statistics

General Stats
  • This quiz has been taken 194 times
    37 since last reset
  • The average score is 37 of 48
Answer Stats
Season Team Player % Correct
1979 Cowboys Roger Staubach
100%
1978 Cowboys Roger Staubach
100%
1977 Cowboys Roger Staubach
100%
1976 Cowboys Roger Staubach
100%
1975 Cowboys Roger Staubach
100%
1971 Cowboys Roger Staubach
100%
1979 Steelers Terry Bradshaw
100%
1978 Steelers Terry Bradshaw
100%
1975 Steelers Terry Bradshaw
100%
1978 Dolphins Bob Griese
94%
1977 Dolphins Bob Griese
94%
1974 Dolphins Bob Griese
94%
1973 Dolphins Bob Griese
94%
1971 Dolphins Bob Griese
94%
1970 Dolphins Bob Griese
94%
1976 Vikings Fran Tarkenton
91%
1975 Vikings Fran Tarkenton
91%
1974 Vikings Fran Tarkenton
91%
1970 Giants Fran Tarkenton
91%
1979 Saints Archie Manning
88%
1978 Saints Archie Manning
88%
1979 Chargers Dan Fouts
88%
1977 Raiders Ken Stabler
88%
1976 Raiders Ken Stabler
88%
1974 Raiders Ken Stabler
88%
1973 Raiders Ken Stabler
88%
1972 Jets Joe Namath
84%
1976 Bengals Ken Anderson
84%
1975 Bengals Ken Anderson
84%
1971 Chiefs Len Dawson
72%
1977 Cardinals Jim Hart
69%
1976 Cardinals Jim Hart
69%
1975 Cardinals Jim Hart
69%
1974 Cardinals Jim Hart
69%
1973 Eagles Roman Gabriel
66%
1972 Raiders Daryle Lamonica
63%
1970 Raiders Daryle Lamonica
63%
1970 49ers John Brodie
63%
1976 Colts Bert Jones
59%
1973 Rams John Hadl
59%
1972 Chargers John Hadl
59%
1975 Oilers Dan Pastorini
47%
1972 Redskins Billy Kilmer
44%
1971 Lions Greg Landry
34%
1974 Rams James Harris
31%
1977 Rams Pat Haden
28%
1972 Giants Norm Snead
25%
1975 Eagles Mike Boryla
16%
No matching quizzes found
Score Distribution
Percent of People with Each Score
Percentile by Number Answered
Your Score History
You have not taken this quiz since the last reset